Research methods in clinical linguistics and phonetics : (رقم التسجيلة. 34889)
[ عرض عادي ]
| 000 -الفاتح | |
|---|---|
| حقل البيانات ثابتة الطول | 01056cam a2200289 a 4500 |
| 001 - رقم الضبط | |
| رقم الضبط | 17220737 |
| 003 - محدد رقم الضبط | |
| رقم الضبط | OSt |
| 005 - وقت وتاريخ اخر تعامل مع التسجيلة | |
| رقم الضبط | 20150408114216.0 |
| 008 - عناصر البيانات ثابتة الطول - معلومات عامة | |
| حقل البيانات ثابتة الطول | 120321s2013 maua g b 001 0 eng |
| 020 ## - الرقم الدولى المعيارى للكتب | |
| الرقم الدولى المعيارى للكتاب | 9781444335835 (cloth) |
| 020 ## - الرقم الدولى المعيارى للكتب | |
| الرقم الدولى المعيارى للكتاب | 9781444335842 (pbk.) |
| 040 ## - مصدر الفهرسة | |
| وكالة الفهرسة الأصلية | Ma-Un |
| 082 00 - رقم تصنيف ديوى العشرى | |
| رقم الطبعة | 22 |
| رقم التصنيف | 616.855 |
| رقم المادة | REM |
| 245 00 - بيان العنوان | |
| العنوان | Research methods in clinical linguistics and phonetics : |
| بقية العنوان | a practical guide / |
| بيان المسئوليه,etc | edited by Nicole Muller, Martin J. Ball. |
| 260 ## - PUBLICATION, DISTRIBUTION, ETC. (IMPRINT) | |
| مكان الناشر او الموزع | Malden, Mass. : |
| اسم الناشر او الموزع | John Wiley & Sons, |
| تاريخ النشر أو التوزيع | 2013. |
| 300 ## - الوصف المادى | |
| التعداد | xii, 318 p. : |
| تفاصيل ماديه اخرى للوعاء | ill. ; |
| أبعاد الوعاء | 25 cm. |
| 504 ## - تبصرة ببليوجرافية | |
| تبصرة ببليوجرافية,الخ | Includes bibliographical references and index. |
| 650 #0 - المدخل الاضافى بالموضوع-مصطلح موضوعى | |
| مصطلح موضوعي أو اسم جغرافي كعنصر مدخل | Speech disorders |
| 9 (RLIN) | 44669 |
| 650 #0 - المدخل الاضافى بالموضوع-مصطلح موضوعى | |
| مصطلح موضوعي أو اسم جغرافي كعنصر مدخل | Communicative disorders |
| 9 (RLIN) | 44670 |
| 650 #0 - المدخل الاضافى بالموضوع-مصطلح موضوعى | |
| مصطلح موضوعي أو اسم جغرافي كعنصر مدخل | Language disorders |
| 9 (RLIN) | 44671 |
| 650 #0 - المدخل الاضافى بالموضوع-مصطلح موضوعى | |
| مصطلح موضوعي أو اسم جغرافي كعنصر مدخل | Phonetics |
| 650 #0 - المدخل الاضافى بالموضوع-مصطلح موضوعى | |
| مصطلح موضوعي أو اسم جغرافي كعنصر مدخل | Applied linguistics |
| 700 1# - المدخل الاضافى - اسم شخصى | |
| الإسم الشخصى | Muller, Nicole, |
| التواريخ المصاحبة للاسم | 1963- |
| 9 (RLIN) | 44672 |
| 700 1# - المدخل الاضافى - اسم شخصى | |
| الإسم الشخصى | Ball, Martin J. |
| الشكل الأكمل للاسم | (Martin John) |
| 9 (RLIN) | 44673 |
| 942 ## - | |
| -- | ddc |
| -- | BOOK |
| 999 ## - | |
| -- | 34889 |
| -- | 269389 |
| حالة الفقد | نموذج السعر الفعال | حالة تلف | ليس للاعارة | رقم الطلب | رقم النسخة | تاريخ الاكتساب | مصدر التزويد | Serial Enumeration / chronology | الباركود | الفرع الرئيسي | Date last seen | نوع المادة فى نظام كوها | مصدر التصنيف او خطة الترفيف | Total Checkouts |
|---|---|---|---|---|---|---|---|---|---|---|---|---|---|---|
| 2014-05-11 | Not For Loan | 616.855 REM | 1 | 2014-05-11 | دار العرب | SRF | 00210428 | مكتبة كلية العلوم و الدراسات الإنسانية برماح - طالبات (SRF) | 2014-05-11 | كتاب | Dewey Decimal Classification | |||
| 2014-05-11 | 616.855 REM | 2 | 2014-05-11 | دار العرب | SRF | 00210429 | مكتبة كلية العلوم و الدراسات الإنسانية برماح - طالبات (SRF) | 2014-05-11 | كتاب | Dewey Decimal Classification | ||||
| 2014-05-11 | Not For Loan | 616.855 REM | 1 | 2014-05-11 | دار العرب | SRM | 00210430 | مكتبة كلية العلوم و الدراسات الإنسانية برماح - طلاب (SRM) | 2014-05-11 | كتاب | Dewey Decimal Classification | |||
| 2014-05-11 | 616.855 REM | 2 | 2014-05-11 | دار العرب | SRM | 00210431 | مكتبة كلية العلوم و الدراسات الإنسانية برماح - طلاب (SRM) | 2014-05-11 | كتاب | Dewey Decimal Classification |
